Vzory testov na prijímacie skúšky z ruského, francúzskeho, španielskeho a talianskeho jazyka

Salvato in:
Dettagli Bibliografici
Autore principale: Košírelová, Irena
Ente Autore: Ekonomická univerzita v Bratislave. Ústav jazykov
Altri autori: Jónová, Rút, Lapšanský, Ladislav, Paľková, Jana, Vita, Tiziano
Natura: Libro
Lingua:russo
francese
spagnolo
italiano
Pubblicazione: Bratislava Vydavateľstvo EKONÓM 2005
Soggetti:
Tags: Aggiungi Tag
Nessun Tag, puoi essere il primo ad aggiungerne!!

MARC

LEADER 00000nam$a2200000$$$4500
001 0025439
005 20240502071422.1
020 |a 80-225-1983-9 
041 0 |a rus 
041 0 |a fre 
041 0 |a spa 
041 0 |a ita 
044 |a SK 
245 1 0 |a Vzory testov na prijímacie skúšky z ruského, francúzskeho, španielskeho a talianskeho jazyka 
264 1 |a Bratislava  |b Vydavateľstvo EKONÓM  |c 2005 
300 |a 91 s. 
610 2 0 |a testy 
610 2 0 |a skúšky prijímacie 
610 2 0 |a školy vysoké 
610 2 0 |a štúdium vysokoškolské 
610 2 0 |a jazykoveda 
610 2 0 |a terminológia 
100 1 |a Košírelová, Irena 
700 1 |a Jónová, Rút 
700 1 |a Lapšanský, Ladislav 
700 1 |a Paľková, Jana 
700 1 |a Vita, Tiziano 
710 2 |a Ekonomická univerzita v Bratislave. Ústav jazykov